Sana sana : la industria de la enfermedad /

Guardado en:
Autor Principal: Müller, Mónica
Formato: Libro
Publicado: Buenos Aires : Sudamericana, 2014
Materias:
Etiquetas: Agregar Etiqueta
Sin Etiquetas, Sea el primero en etiquetar este registro!
LEADER 00615nam a22001935a 4500
001 EHU.bham045751
003 AR-BHAM
005 20190927090831.0
008 130507s2014##################000#0#####d
020 |a 9789500747882 
082 6 1 |a 610 
100 1 |a Müller, Mónica 
245 1 0 |a Sana sana :  |b la industria de la enfermedad /  |c  Mónica Müller 
260 |a Buenos Aires :  |b Sudamericana,  |c 2014 
300 |a 214 p. 
653 |a Industria farmacéutica 
653 |a Medicina argentina-industria farmacéutica 
653 |a Argentina-salud y enfermedad 
859 |a AR-BHAM  |b BIB. HUMANIDADES - General  |h 610  |i M912  |p 3623.19  |t Ej.1